हिंदी व्याकरण / (Record no. 35045)

MARC details
000 -LEADER
fixed length control field 00797nam a22002177a 4500
005 - DATE AND TIME OF LATEST TRANSACTION
control field 20230605171442.0
008 - FIXED-LENGTH DATA ELEMENTS--GENERAL INFORMATION
fixed length control field 091211t xxu||||| |||| 00| j hin d
010 ## - LCCN (DPL NO)
LC control number HIN-89218 HIN-125110
020 ## - INTERNATIONAL STANDARD BOOK NUMBER
International Standard Book Number 8190361627
Terms of availability 360.00
035 ## - SYSTEM CONTROL NUMBER
System control number HN-61564 HN-97456
037 ## - SOURCE OF ACQUISITION
Source of stock number/acquisition DBAD / PUB
040 ## - CATALOGING SOURCE
Original cataloging agency DPL
Language of cataloging HN
082 ## - DEWEY DECIMAL CLASSIFICATION NUMBER
Classification number 425
100 ## - MAIN ENTRY--PERSONAL NAME
Personal name कामताप्रसाद गुरू
9 (RLIN) 16020
245 ## - TITLE STATEMENT
Title हिंदी व्याकरण /
Statement of responsibility, etc कामताप्रसाद गुरू
246 ## - VARYING FORM OF TITLE
Title proper/short title Hindi vyakran/
Remainder of title by Kamataprasad Guru
260 ## - PUBLICATION, DISTRIBUTION, ETC. (IMPRINT)
Place of publication, distribution, etc जयपुर
Name of publisher, distributor, etc गोविन्द प्रकाशन
Date of publication, distribution, etc 2009
270 ## - ADDRESS
Address चौड़ा रास्ता
City जयपुर
300 ## - PHYSICAL DESCRIPTION
Extent 262पृ
Dimensions 22सेमी (अजिल्द)
942 ## - ADDED ENTRY ELEMENTS (KOHA)
Source of classification or shelving scheme Dewey Decimal Classification
Item type Children Books
Call number suffix कामता
Holdings
Withdrawn status Lost status Source of classification or shelving scheme Damaged status Not for loan Collection code Home library Current library Date acquired Source of acquisition Cost, normal purchase price Total Checkouts Full call number Barcode Date last seen Copy number Cost, replacement price Koha item type
    Dewey Decimal Classification   Not For Loan Non-fiction D.B.Act.Division D.B.Act.Division 03/04/2010 DBAD / PUB 360.00   कामता HN-61564 03/04/2010 1 360.00 Hindi Books
    Dewey Decimal Classification     Non-fiction Kadipur Kadipur 05/06/2023 DBAD/PUB 360.00   425 कामता HN-97456 05/06/2023 1 360.00 Hindi Books

© Delhi Public Library
Hit Counter
free hit counter